শেখ মুজিব একটি লাল গোলাপ / (Record no. 79252)
[ view plain ]
| 000 -LEADER | |
|---|---|
| fixed length control field | 01130nam a2200265 a 4500 |
| 001 - CONTROL NUMBER | |
| control field | 79252 |
| 003 - CONTROL NUMBER IDENTIFIER | |
| rucl marc code | BD-RjUL |
| 005 - DATE AND TIME OF LATEST TRANSACTION | |
| control field | 20220125131557.0 |
| 008 - FIXED-LENGTH DATA ELEMENTS--GENERAL INFORMATION | |
| fixed length control field | 220125r20201979bg ||||| |||| 00| 0 ben d |
| 020 ## - INTERNATIONAL STANDARD BOOK NUMBER | |
| International Standard Book Number | 9789840760046 |
| Terms of availability | :Tk.180.00 |
| 035 ## - SYSTEM CONTROL NUMBER | |
| System control number | (BD-RjUL)79252 |
| 040 ## - CATALOGING SOURCE | |
| Original cataloging agency | BD-RjUL |
| Language of cataloging | eng |
| Transcribing agency | BD-RjUL |
| 041 ## - LANGUAGE CODE | |
| Language code of text/sound track or separate title | ben |
| 082 ## - DEWEY DECIMAL CLASSIFICATION NUMBER | |
| Edition number | 23 |
| Classification number | 891.441 |
| Author mark and year | SHI 2021 |
| 245 ## - TITLE STATEMENT | |
| Title | শেখ মুজিব একটি লাল গোলাপ / |
| Statement of responsibility, etc. | সম্পাদক মিনার মনসুর, দিলওয়ার চৌধুরী |
| 260 ## - PUBLICATION, DISTRIBUTION, ETC. (IMPRINT) | |
| Place of publication, distribution, etc. | ঢাকা : |
| Name of publisher, distributor, etc. | বাংলা একাডেমি, |
| Date of publication, distribution, etc. | ১৯৭৯ [পরিমার্জিত প্রকাশ ২০২০] |
| 300 ## - PHYSICAL DESCRIPTION | |
| Pagination | ১২৮ পৃ.; |
| Size | ২৩ সেমি. |
| 600 ## - SUBJECT ADDED ENTRY--PERSONAL NAME | |
| Personal name | মুজিবুর রহমান, |
| Titles and other words associated with a name | শেখ, |
| Dates associated with a name | ১৯২০-১৯৭৫ |
| Personal name | Mujibur Rahman, |
| Titles and other words associated with a name | Sheikh, |
| Dates associated with a name | 1920-1975 |
| 650 ## - SUBJECT ADDED ENTRY--TOPICAL TERM | |
| Topical term or geographic name as entry element | বাংলা কবিতা |
| 9 (RLIN) | 320 |
| Topical term or geographic name as entry element | Bengali poetry |
| 9 (RLIN) | 321 |
| 700 ## - ADDED ENTRY--PERSONAL NAME | |
| Personal name | মনসুর, মিনার |
| Personal name | চৌধুরী, দিলওয়ার |
| 942 ## - ADDED ENTRY ELEMENTS (KOHA) | |
| Source of classification or shelving scheme | Dewey Decimal Classification |
| Koha item type | Books |
| Lost status | Source of classification or shelving scheme | Damaged status | Not for loan | Collection code | Permanent Location | Current Location | Shelving location | Date acquired | Source of acquisition | Cost, normal purchase price | Total Checkouts | Full call number | Date last seen | Copy number | Koha item type |
|---|---|---|---|---|---|---|---|---|---|---|---|---|---|---|---|
| Dewey Decimal Classification | Not For Loan | Non-fiction | Central Library, University of Rajshahi | Central Library, University of Rajshahi | Bangabandhu Corner Section | 21/11/2021 | Rajshahi, Biddyasagar | 135.00 | B 891.441 SHI 2021 | 25/01/2022 | C-1 | Books | |||
| Dewey Decimal Classification | Non-fiction | Central Library, University of Rajshahi | Central Library, University of Rajshahi | General Stacks | 21/11/2021 | Rajshahi, Biddyasagar | 135.00 | B 891.441 SHI 2021 | 25/01/2022 | C-2 | Books |